Viralita ako významný aspekt marketingu na sociálnych sieťach bakalárska práca

Gespeichert in:
Bibliographische Detailangaben
1. Verfasser: Lovás, Alex
Körperschaft: Obchodná fakulta EU. Katedra marketingu
Weitere Verfasser: Balaščáková, Simona, 1999-
Format: Buch
Sprache:Slowakisch
Veröffentlicht: Bratislava 2025
Tags: Tag hinzufügen
Keine Tags, Fügen Sie das erste Tag hinzu!

MARC

LEADER 00000nbm a2200000 4500
001 0311159
005 20251031125831.6
041 0 |a slo 
044 |a SK 
245 1 0 |a Viralita ako významný aspekt marketingu na sociálnych sieťach  |b bakalárska práca  |c Alex Lovás ; školiteľ: Simona Balaščáková 
264 1 |a Bratislava  |c 2025 
300 |a 46 s. 
100 1 |a Lovás, Alex 
700 1 |a Balaščáková, Simona, 1999- 
710 2 |a Obchodná fakulta EU. Katedra marketingu